MARC

LEADER 00000nam0a2200000 4500
001 147107
005 20231031144917.0
010 |a 576230201 
020 |a RU  |b 91-54087 
035 |a (RuTPU)RU\TPU\book\159451 
090 |a 147107 
100 |a 20081108d1991 k a0rusy5003 ca 
101 0 |a rus 
102 |a RU 
105 |a a z 001zy 
200 1 |a Экспертная система - инструмент прогнозирования стратиформного полиметаллического оруденения  |f В. Г. Пономарев, Е. П. Вострокнутов, В. А. Акимцев  |g Академия наук СССР (АН СССР), Сибирское отделение (СО), Объединенный институт геологии, геофизики и минералогии 
210 |a Новосибирск  |c ОИГГМ  |d 1991 
215 |a 119 с.  |c ил. 
320 |a Библиогр.: с. 107-113. 
610 1 |a полиметаллические месторождения 
610 1 |a математические методы 
610 1 |a экспертные системы 
610 1 |a прогнозирование 
610 1 |a прогнозы 
675 |a 553.44'3/'9  |z rus 
700 1 |a Пономарев  |b В. Г.  |g Виталий Георгиевич 
701 1 |a Вострокнутов  |b Е. П.  |g Евгений Павлович 
701 1 |a Акимцев  |b В. А.  |g Владимир Андреевич 
712 0 2 |a Академия наук СССР (АН СССР)  |b Сибирское отделение (СО)  |b Объединенный институт геологии, геофизики и минералогии  |2 stltpush  |3 (RuTPU)RU\TPU\col\12396 
801 0 |a RU  |b RuMRKP  |c 19950417  |g psbo 
801 1 |a RU  |b 63413507  |c 20081108  |g PSBO 
801 2 |a RU  |b 63413507  |c 20180314  |g PSBO 
942 |c BK